Estados de Nueva Inglaterra - Estadísticas

Estadísticas generales
  • Esta prueba ha sido intentada 1.450 veces
  • La puntuación promedio es 5 de 6
Estadísticas de respuestas
Estado % Correcto
Maine
94%
Vermont
89%
Rhode Island
88%
Massachusetts
85%
Connecticut
81%
Nuevo Hampshire
72%
No se encontraron pruebas coincidentes
Distribución de puntuación
Porcentaje de gente con cada puntuación
Porcentaje por número respondido
Historial de tus puntuaciones
No has intentado esta prueba.